Countries Closest to Countries 197 to 204 - Statistics

General Stats
  • This quiz has been taken 2,919 times
  • The average score is 23 of 31
Answer Stats
km country miles % Correct
26 Canada 16
95%
434 Iceland 270
95%
284 United Kingdom 177
94%
579 Norway 360
93%
0 Israel 0
92%
0 Jordan 0
90%
44 Syria 27
88%
670 Ireland 416
87%
931 Sweden 578
87%
58 Lebanon 36
86%
0 Egypt 0
83%
0 France, at St Martin 0
81%
514 France, at French Polynesia 319
79%
27 Venezuela 17
79%
942 Russia 585
76%
125 Colombia 78
75%
69 St Kitts and Nevis 43
73%
1579 Fiji 981
70%
699 Samoa 435
70%
1222 Tonga 759
70%
158 Netherlands, at Bonaire 98
69%
313 Dominica 194
68%
126 Antigua and Barbuda 78
67%
1540 Tuvalu 957
66%
44 Netherlands, at Saba 27
63%
77 Curaçao 48
61%
77 Aruba 48
56%
574 Dominican Republic 357
49%
997 Niue 620
43%
997 Cook Islands 620
41%
1088 Faroe Islands 676
40%
No matching quizzes found
Score Distribution
Percent of People with Each Score
Percentile by Number Answered
Your Score History
You have not taken this quiz